Statystyki dla Reformacja i Kontrreformacja

Kliknij tutaj aby rozwiązać quiz!

Ogólne statystyki

  • Ten quiz został rozwiązany 40 razy
  • Średni wynik to 10 z 20

Statystyki odpowiedzi

ZagadnienieOdpowiedź% Poprawnych
W którym roku Marcin Luter ogłosił swoje tezy?1517 r.
86%
W jakim mieście ogłosił swoje tezy Marcin Luter?Wittenbergia
81%
Zgromadzenie wszystkich biskupów całego Kościoła to:Sobór powszechny
78%
Nadawanie godności, tytułów krewnym to:nepotyzm
73%
Założyciel Towarzystwa Jezusowego (Jezuitów) to:Ignacy Loyola
68%
Do jakiej dynastii należał Henryk VIII, twórca Kościoła anglikańskiegoTudorów
62%
Kto miał powiedzieć: "Paryż wart jest mszy"Henryk IV Burbon
57%
W którym roku miał miejsce Akt supremacji1534 r.
54%
Kiedy dokładanie miała miejsce Noc Świętego Bartłomieja, podczas której wymordowano prawie 3.000 hugenotów23/24 sierpnia 1572 r.
54%
Cuius regio, eius religio oznacza:Czyja władza, tego wyznanie
54%
Kiedy trwały wojny chłopskie w Niemczech1525-1526
49%
W którym roku ogłoszono indeks ksiąg zakazanych1559 r.
49%
Do którego odłamu protestantyzmu pasują poniższe założenia: - uznanie dwóch sakramentów: chrzest i komunika - odrzucenie kultu świętych, świętych relikwii - odrzucenie odpustów - wiara w predestynację - zniesienie celibatuKalwinizm
49%
Cesarz, który rządził podczas I Wojny SzmalkaldzkiejKarol V
49%
Jak nazywano generała zakonu jezuitówCzarny Papież
46%
W którym roku powstał brewiarz - zbiór codziennych modlitw dla duchownych1568 r.
30%
Jednym z przywódców protestantów w czasie wojen religijnych we Francji byłGaspard de Coligna
30%
Wskaż zestawienie, w którym ułożono zgodnie z chronologią czas wprowadzenia protestantyzmu jako religii panującejZwiązek Szwajcarski, Królewstwo Szwecji, Królestwo Anglii
30%
Kto spisał zasady luteranizmu w tzw. Konfesji augsburskiejFilip Melanchton
27%
W jakim mieście doszło w 1562 r. do wymordowania hugenotów w czasie wojen religijnych we FrancjiWassy
19%

Rozkład punktacji

Percentyl według liczby udzielonych odpowiedzi

Procent ludzi z każdym wynikiem

Twoja historia wyników

Nie rozwiązałeś tego quizu